000 00399nam a2200145Ia 4500
008 231129s1999||||xx |||||||||||||| ||spa||
020 _a970-10-2531-8
040 _bspa
082 _a371.9043 S539e
100 _aShea Thomas M.
245 0 _aEducación especial: Un enfoque ecológico
260 _c1999
264 _aMéxico : McGraw-Hill
942 _2ddc
_cBKS
999 _c9980
_d9980